000 00227nam a2200097Ia 4500
008 230915s9999 xx 000 0 und d
050 _aHN17.5.E368 2009
100 _aSTANLEY D.EITZEN
245 0 _aSOCIAL PROBLEMS
942 _cBK
999 _c157974
_d157974